| 000 | 01066nam0a22003251 4500 | ||
|---|---|---|---|
| 001 | v19\rc\1841277 | ||
| 005 | 20260405223128.0 | ||
| 035 | _a(NLR Aleph) 004934850 | ||
| 090 |
_a5718552 _c5718552 |
||
| 100 | _a20071224d1908 u y0rusy50 ca | ||
| 101 | 1 |
_arus _cfre |
|
| 102 | _aRU | ||
| 105 | _ay z |||a| | ||
| 200 | 1 |
_aВыкресты _eПьеса в 4 д. _fА. Савуар и Нозьер _gПер. с фр. Б. Монт и В. Гель |
|
| 210 |
_aСанкт-Петербург _cжурн. "Театр и искусство" _d1908 |
||
| 215 |
_a[4], 108 с. _d24 |
||
| 532 | 1 | 3 | _aВыкресты |
| 700 | 1 |
_aСавуар _bА. _f1883-1934 _gАльфред |
|
| 701 | 1 |
_8rus _7ca _aНозьер _bФ. _f1874-1831 _gФернанд _3RU\NLR\AUTH\77101339 _984265 |
|
| 702 | 1 |
_aМонт _bБ. _4730 |
|
| 702 | 1 |
_aГель _bВ. _4730 |
|
| 801 | 0 |
_aRU _bNLR _gpsbo |
|
| 801 | 0 |
_aRU _bRuMoRGB _2psbo |
|
| 801 | 1 |
_aRU _bProSoft-M _2rusmarc |
|
| 852 |
_aNLR _j38.60.2.77 |
||
| 899 |
_aRuMoRGB _jU 29/67 |
||
| 899 | _aБАН | ||
| 942 | _cBOOK | ||
| 980 | _aNB | ||